[Event "1800 - 2299 Rated Tournament 5"]
[Site "SchemingMind.com"]
[Date "2023.04.14"]
[Round "-"]
[White "The Stonewall"]
[Black "Raymond de Kemp"]
[Result "1-0"]
[WhiteCountry "ENG"]
[BlackCountry "NED"]
[WhiteElo "2295"]
[WhiteRD "75"]
[BlackElo "1832"]
[BlackRD "75"]
[GameID "733053"]

1. e4 c5 2. Nc3 Nc6 3. Bb5 Nd4 4. Bc4 e6 5. Nge2 Nf6 6. O-O a6 7. d3 b5 8. Bb3 Nxb3 9. axb3 Bb7 10. f4 d5
11. e5 d4 12. exf6 dxc3 13. fxg7 Bxg7 14. bxc3 Rg8 15. Rf2 Bxc3 16. Nxc3 Qd4 17. Kf1 Qxc3 18. Ra2 Qd4 19. Qh5 c4 20. bxc4 bxc4
21. f5 Bd5 22. fxe6 Bxe6 23. Rxa6 Rxa6 24. Qb5+ Ke7 25. Qxa6 f5 26. Re2 Qd5 27. Ba3+ Kf7 28. Qa7+ Kg6 29. Qe7 Bf7 30. Bb2 Kh5
31. h3
1-0

[Event "1800 - 2299 Rated Tournament 5"]
[Site "SchemingMind.com"]
[Date "2023.04.13"]
[Round "-"]
[White "Raymond de Kemp"]
[Black "The Stonewall"]
[Result "0-1"]
[WhiteCountry "NED"]
[BlackCountry "ENG"]
[WhiteElo "1832"]
[WhiteRD "75"]
[BlackElo "2295"]
[BlackRD "75"]
[GameID "733054"]

1. c4 b6 2. d4 e6 3. e4 Bb4+ 4. Nc3 Bb7 5. Bd3 f5 6. Qh5+ g6 7. Qe2 Nf6 8. Bg5 h6 9. Bxf6 Qxf6 10. Nf3 Nc6
11. O-O O-O 12. e5 Qg7 13. a3 Bxc3 14. bxc3 g5 15. h3 Ne7 16. Nh2 Ng6 17. g3 Nf4 18. gxf4 gxf4+ 19. Ng4 h5 20. Kh2 hxg4
21. Rg1 Kf7 22. d5 Rh8
0-1

[Event "1800 - 2299 Rated Tournament 5"]
[Site "SchemingMind.com"]
[Date "2023.04.16"]
[Round "-"]
[White "Michael Christensen"]
[Black "The Stonewall"]
[Result "0-1"]
[WhiteCountry "GER"]
[BlackCountry "ENG"]
[WhiteElo "1794"]
[WhiteRD "81"]
[BlackElo "2323"]
[BlackRD "72"]
[GameID "733065"]

1. c4 Nf6 2. g3 g6 3. Bg2 Bg7 4. Nc3 O-O 5. e4 d6 6. Nge2 c5 7. O-O Nc6 8. d3 Rb8 9. f4 Bg4 10. h3 Bxe2
11. Qxe2 Nd4 12. Qf2 Nd7 13. Rb1 e6 14. Bd2 a6 15. b4 Nc2 16. bxc5 Bd4
0-1

[Event "1800 - 2299 Rated Tournament 5"]
[Site "SchemingMind.com"]
[Date "2023.04.19"]
[Round "-"]
[White "The Stonewall"]
[Black "Michael Christensen"]
[Result "1-0"]
[WhiteCountry "ENG"]
[BlackCountry "GER"]
[WhiteElo "2323"]
[WhiteRD "72"]
[BlackElo "1794"]
[BlackRD "81"]
[GameID "733066"]

1. d4 g6 2. e4 Bg7 3. c3 d6 4. Nf3 a6 5. Bd3 b5 6. a4 bxa4 7. Qxa4+ Nd7 8. O-O e6 9. Bf4 Bb7 10. Nbd2 Ne7
11. Nc4 Nc6 12. Bxd6 Qb8 13. d5 exd5 14. exd5 Na7 15. Rfe1+ Kd8 16. Nfe5 cxd6 17. Qxd7#
1-0

[Event "1800 - 2299 Rated Tournament 5"]
[Site "SchemingMind.com"]
[Date "2023.04.15"]
[Round "-"]
[White "Michael Christensen"]
[Black "Raymond de Kemp"]
[Result "0-1"]
[WhiteCountry "GER"]
[BlackCountry "NED"]
[WhiteElo "1744"]
[WhiteRD "77"]
[BlackElo "1848"]
[BlackRD "72"]
[GameID "733067"]

1. c4 e5 2. g3 c6 3. Bg2 d5 4. cxd5 cxd5 5. d4 e4 6. e3 Nf6 7. Ne2 h5 8. h3 Bd7 9. O-O Bd6 10. f3 Qc7
11. f4 Nc6 12. Nbc3 Nb4 13. a3 Nd3 14. b4 O-O-O 15. Bd2 Nb2 16. Qb3 Nc4 17. Bc1 Rdg8 18. Na4 b6 19. Nb2 Be6 20. Nxc4 dxc4
21. Qb2 Bf5 22. Bd2 g5 23. Rac1 b5 24. Nc3 Qd7 25. Kh2 gxf4 26. exf4 h4 27. g4 Bxg4 28. hxg4 Nxg4+ 29. Kh1 f5 30. Bh3 e3
31. Be1 e2 32. Nxe2 Ne3 33. Rg1 Qb7+ 34. Kh2 Ng4+ 35. Bxg4 fxg4 36. Rg2 g3+ 37. Kg1 h3 38. Nxg3 Bxf4 39. Qc2 Be3+ 40. Kf1 Qxg2+
41. Qxg2 hxg2+ 42. Kxg2 Bxc1
0-1

[Event "1800 - 2299 Rated Tournament 5"]
[Site "SchemingMind.com"]
[Date "2023.04.14"]
[Round "-"]
[White "Raymond de Kemp"]
[Black "Michael Christensen"]
[Result "1-0"]
[WhiteCountry "NED"]
[BlackCountry "GER"]
[WhiteElo "1858"]
[WhiteRD "75"]
[BlackElo "1794"]
[BlackRD "81"]
[GameID "733068"]

1. c4 g6 2. g3 Bg7 3. Bg2 d6 4. e3 c5 5. Ne2 Nc6 6. d4 Bf5 7. d5 Nb4 8. e4 Bd7 9. a3 Qa5 10. O-O Na6
11. Bd2 Qb6 12. Nbc3 e6 13. Na4 Qd8 14. Rb1 b5 15. Nac3 bxc4 16. dxe6 Bxe6 17. Qa4+
1-0

[Event "1800 - 2299 Rated Tournament 5"]
[Site "SchemingMind.com"]
[Date "2023.05.09"]
[Round "-"]
[White "Michael Christensen"]
[Black "lawyertheologian"]
[Result "0-1"]
[WhiteCountry "GER"]
[BlackCountry "USA"]
[WhiteElo "1744"]
[WhiteRD "77"]
[BlackElo "2010"]
[BlackRD "88"]
[GameID "733730"]

1. g3 e5 2. Bg2 d5 3. d3 Nf6 4. a3 a5 5. b3 Bc5 6. Bb2 Qe7 7. Nd2 O-O 8. e3 Re8 9. Ne2 Nc6 10. O-O Bg4
11. c4 d4 12. h3 dxe3 13. hxg4 exf2+ 14. Rxf2 Bxf2+ 15. Kxf2 Nxg4+ 16. Kg1 Qc5+
0-1

[Event "1800 - 2299 Rated Tournament 5"]
[Site "SchemingMind.com"]
[Date "2023.05.09"]
[Round "-"]
[White "lawyertheologian"]
[Black "Michael Christensen"]
[Result "1-0"]
[WhiteCountry "USA"]
[BlackCountry "GER"]
[WhiteElo "2041"]
[WhiteRD "86"]
[BlackElo "1728"]
[BlackRD "79"]
[GameID "733731"]

1. e4 g6 2. d4 Bg7 3. Nc3 d6 4. Bc4 a6 5. a4 b6 6. Qf3 e6 7. Nge2 Bb7 8. O-O Nd7 9. Qh3 Qe7 10. Qd3 Nh6
11. f4 f5 12. exf5 Nxf5 13. g4 Nh4 14. Qh3 Bg2 15. Qd3 Bxf1 16. Kxf1 a5 17. Bd2 O-O 18. Kg1 d5 19. Bb5 Nf6 20. Qg3 Ne4
21. Nxe4 dxe4 22. Be3 Nf3+ 23. Kf2 Rad8 24. c3 g5 25. Bc6 gxf4 26. Nxf4 e5 27. Bd5+ Kh8 28. dxe5 Bxe5 29. Rd1 Bxf4 30. Bxf4 Ng5
31. Kg2 Nf7 32. Rd4 Rde8 33. Rxe4 Qc5 34. Re5 Nxe5 35. Bxe5+ Rxe5 36. Qxe5+
1-0

[Event "1800 - 2299 Rated Tournament 5"]
[Site "SchemingMind.com"]
[Date "2023.05.05"]
[Round "-"]
[White "The Stonewall"]
[Black "lawyertheologian"]
[Result "1-0"]
[WhiteCountry "ENG"]
[BlackCountry "USA"]
[WhiteElo "2295"]
[WhiteRD "75"]
[BlackElo "2011"]
[BlackRD "88"]
[GameID "733732"]

1. d4 f5 2. Nc3 Nf6 3. Bg5 d5 4. e3 Nbd7 5. Nh3 e6 6. Nf4 Kf7 7. Be2 Be7 8. O-O c6 9. Qd2 e5 10. dxe5 Nxe5
11. Rad1 Rf8 12. Qd4 Qc7 13. Bh4 Kg8 14. Bg3 Bd6 15. Ncxd5 cxd5 16. Nxd5 Qxc2 17. Nxf6+ Rxf6 18. Bxe5 Bxe5 19. Qxe5 Qxe2 20. Rd8+ Rf8
21. Qd5+ Be6 22. Qxe6+ Kh8 23. Rxf8+ Rxf8 24. Qe7 Kg8 25. Qxb7 Rd8 26. Qc7 Rf8 27. Qe5 g6 28. Rc1 Rd8 29. Qe6+ Kf8 30. Qf6+ Ke8
31. Qh8+ Ke7 32. Qxh7+ Kf6 33. Rc6+
1-0

[Event "1800 - 2299 Rated Tournament 5"]
[Site "SchemingMind.com"]
[Date "2023.05.05"]
[Round "-"]
[White "lawyertheologian"]
[Black "The Stonewall"]
[Result "0-1"]
[WhiteCountry "USA"]
[BlackCountry "ENG"]
[WhiteElo "2011"]
[WhiteRD "88"]
[BlackElo "2295"]
[BlackRD "75"]
[GameID "733733"]

1. e4 e6 2. d4 d5 3. Be3 dxe4 4. Nd2 Nf6 5. f3 Nd5 6. Qe2 Nc6 7. c3 Qh4+ 8. g3 exf3 9. Ngxf3 Qh5 10. O-O-O Be7
11. h3 O-O 12. g4 Qg6 13. Nc4 b5 14. Nce5 Nxe5 15. dxe5 b4 16. c4 b3 17. axb3 Nb4 18. Bd4 Bb7 19. Bg2 Bxf3 20. Bxf3 Bg5+
0-1

[Event "1800 - 2299 Rated Tournament 5"]
[Site "SchemingMind.com"]
[Date "2023.05.05"]
[Round "-"]
[White "lawyertheologian"]
[Black "Raymond de Kemp"]
[Result "1-0"]
[WhiteCountry "USA"]
[BlackCountry "NED"]
[WhiteElo "2010"]
[WhiteRD "88"]
[BlackElo "1848"]
[BlackRD "72"]
[GameID "733734"]

1. Nc3 e6 2. g4 d5 3. Bg2 Bd7 4. Nf3 h5 5. g5 h4 6. h3 c5 7. d3 d4 8. Ne4 Bc6 9. Ne5 Bd5 10. c4 dxc3
11. bxc3 Bc6 12. Bf4 Ne7 13. O-O Nd5 14. Bh2 Be7 15. g6 fxg6 16. Nxg6 Rh6 17. Nxe7 Qxe7 18. Bd6 Qf7 19. Bxc5 Qg6 20. Qd2 Nd7
21. Kh2 Nxc5 22. Nxc5 O-O-O 23. Rg1 Qf7 24. e3 Rf6 25. Raf1 e5 26. Ne4 Rg6 27. c4 Ne7 28. Qa5 Bxe4 29. Bxe4 Rxg1 30. Kxg1 Nc6
31. Bxc6 bxc6 32. Rb1 Qg6+ 33. Kh1 Rd7 34. Qxe5 Qd6 35. Qxd6 Rxd6 36. d4 g5 37. Kg2 Kc7 38. Kf3 Rf6+ 39. Ke2
1-0

[Event "1800 - 2299 Rated Tournament 5"]
[Site "SchemingMind.com"]
[Date "2023.05.05"]
[Round "-"]
[White "Raymond de Kemp"]
[Black "lawyertheologian"]
[Result "0-1"]
[WhiteCountry "NED"]
[BlackCountry "USA"]
[WhiteElo "1848"]
[WhiteRD "72"]
[BlackElo "2010"]
[BlackRD "88"]
[GameID "733735"]

1. d4 f5 2. Bg5 g6 3. Nc3 Bg7 4. h4 h6 5. Bf4 Nf6 6. Qd3 O-O 7. Qc4+ d5 8. Qxc7 Qxc7 9. Bxc7 Nc6 10. e3 Be6
11. Be2 Rac8 12. Bf4 Nb4 13. Bd1 Ne4= 14. Nge2 Rfd8 15. f3 Nd6 16. a3 Nc6 17. Ng3 Na5 18. Bxd6 Rxd6 19. Be2 Bd7 20. Bd3 e6
21. Nge2 Nc4 22. Bxc4 dxc4 23. O-O-O b5 24. e4 a5 25. e5 Rb6 26. Nf4 b4 27. axb4 axb4 28. Nce2 Kf7 29. d5 Bxe5 30. dxe6+ Bxe6
31. Nxe6 Kxe6 32. f4 Bd6 33. Nd4+ Kf6 34. g3 Ra6 35. Rhe1 Bc5 36. c3 bxc3 37. bxc3 Ra3 38. Kd2 Bxd4 39. cxd4 c3+ 40. Kc2 Ra2+
41. Kb1 Rb2+ 42. Kc1 Ra8
0-1

[Event "1800 - 2299 Rated Tournament 5"]
[Site "SchemingMind.com"]
[Date "2023.06.09"]
[Round "-"]
[White "Michael Christensen"]
[Black "Transcendent"]
[Result "1-0"]
[WhiteCountry "GER"]
[BlackCountry "ENG"]
[WhiteElo "1777"]
[WhiteRD "82"]
[BlackElo "1680"]
[BlackRD "70"]
[GameID "734513"]

1. g3 d5 2. Bg2 Nf6 3. d3 c6 4. b4 e5 5. a3 Nbd7 6. Bb2 Bd6 7. Nd2 O-O 8. e3 Re8 9. Ne2 a5 10. bxa5 Rxa5
11. O-O h5 12. h3 Nf8 13. Nb3 Ra8 14. f4 exf4 15. exf4 Qe7 16. Re1 Qe3+ 17. Kh2 h4 18. Bd4 hxg3+ 19. Kh1 Qe7 20. Bb2 Nh5
21. Bf3
1-0

[Event "1800 - 2299 Rated Tournament 5"]
[Site "SchemingMind.com"]
[Date "2023.06.09"]
[Round "-"]
[White "Transcendent"]
[Black "Michael Christensen"]
[Result "0-1"]
[WhiteCountry "ENG"]
[BlackCountry "GER"]
[WhiteElo "1680"]
[WhiteRD "70"]
[BlackElo "1777"]
[BlackRD "82"]
[GameID "734514"]

1. d4 g6 2. c4 Bg7 3. g3 d6 4. Bg2 Nd7 5. Nc3 c5 6. Nf3 cxd4 7. Nxd4 Qb6 8. Ndb5 Ngf6 9. Be3 Qa5 10. O-O a6
11. Nd4 Qc7 12. Rc1 Qxc4 13. Nd5 Qxa2
0-1

[Event "1800 - 2299 Rated Tournament 5"]
[Site "SchemingMind.com"]
[Date "2023.06.09"]
[Round "-"]
[White "The Stonewall"]
[Black "Transcendent"]
[Result "1-0"]
[WhiteCountry "ENG"]
[BlackCountry "ENG"]
[WhiteElo "2311"]
[WhiteRD "76"]
[BlackElo "1680"]
[BlackRD "70"]
[GameID "734515"]

1. d4 d5 2. Nf3 Nf6 3. c4 c6 4. Nc3 dxc4 5. e4 b5 6. Be2 Bb7 7. Rb1 e6 8. O-O a6 9. b3 cxb3 10. Qxb3 Be7
11. e5 Nd5 12. Ne4 O-O 13. Qd3 Nd7= 14. Neg5 g6 15. Ne4 c5 16. Nfg5 Bxg5 17. Bxg5 f6 18. Nxf6+ N7xf6 19. exf6 Nxf6 20. dxc5 Qxd3
21. Bxd3 Ne4 22. Be3 Nc3 23. Rb3 Nd5 24. Bh6 Rfc8 25. Rc1 Bc6 26. Be2 Ne7 27. Bg5 Nf5= 28. Rd3 h6 29. Bf6 Kf7 30. Be5 Rd8
31. Rcd1 Rd5 32. Rxd5 Bxd5 33. a3 Rc8 34. Rc1 Ne7 35. f3 Nc6 36. Bf4 h5 37. Be3 e5 38. h4 Ke6 39. Bd3
1-0

[Event "1800 - 2299 Rated Tournament 5"]
[Site "SchemingMind.com"]
[Date "2023.06.09"]
[Round "-"]
[White "Transcendent"]
[Black "The Stonewall"]
[Result "0-1"]
[WhiteCountry "ENG"]
[BlackCountry "ENG"]
[WhiteElo "1680"]
[WhiteRD "70"]
[BlackElo "2311"]
[BlackRD "76"]
[GameID "734516"]

1. d4 e6 2. c4 Bb4+ 3. Bd2 a5 4. Nc3 Nf6 5. e4 d5 6. e5 Ne4 7. Nxe4 dxe4 8. a3 Bxd2+ 9. Qxd2 c5 10. d5 O-O
11. f4 f6 12. O-O-O Ra6 13. Ne2 fxe5 14. fxe5 Rf5 15. Nc3 Rxe5 16. Qf4= Nd7 17. Nxe4 Rf5 18. Qd2 exd5 19. cxd5 Rg6 20. Bd3 Ne5
21. Bb5 Nf7 22. d6 Be6 23. d7 c4 24. a4 Rd5 25. Qf4 Rf5 26. Qe3 Re5 27. Rd4 Rxg2 28. h3 Qe7 29. Rhd1 Nd8 30. Bxc4 Rh2
31. Qb3 Kh8 32. Bxe6 Rxe6 33. Qd3 Rb6 34. Rd2 Rc6+ 35. Kb1 Rh1+ 36. Rd1 Rxd1+ 37. Qxd1 Re6
0-1

[Event "1800 - 2299 Rated Tournament 5"]
[Site "SchemingMind.com"]
[Date "2023.06.09"]
[Round "-"]
[White "Transcendent"]
[Black "lawyertheologian"]
[Result "0-1"]
[WhiteCountry "ENG"]
[BlackCountry "USA"]
[WhiteElo "1981"]
[WhiteRD "79"]
[BlackElo "2023"]
[BlackRD "85"]
[GameID "734517"]

1. d4 f5 2. Bg5 g6 3. Nc3 Bg7 4. e4 fxe4 5. Nxe4 Nf6 6. Ng3 O-O 7. Nf3 d5 8. c3 Nc6 9. Bd3 Bg4 10. Be2 Bxf3
11. Bxf3 e5 12. dxe5 Nxe5 13. O-O Qd7 14. Be2 h6 15. Bxf6 Rxf6 16. c4 d4 17. Ne4 Rb6 18. f4 Nf7 19. Bd3 Rxb2 20. Qf3 Rf8
21. Nc5 Qe7 22. Nb3 Qe3+ 23. Kh1 Qxf3 24. Rxf3 Re8 25. Bxg6 Rxa2
0-1

[Event "1800 - 2299 Rated Tournament 5"]
[Site "SchemingMind.com"]
[Date "2023.06.09"]
[Round "-"]
[White "lawyertheologian"]
[Black "Transcendent"]
[Result "0-1"]
[WhiteCountry "USA"]
[BlackCountry "ENG"]
[WhiteElo "2023"]
[WhiteRD "85"]
[BlackElo "1981"]
[BlackRD "79"]
[GameID "734518"]

1. e4 e6 2. d4 d5 3. e5 c5 4. c3 Qb6 5. Nf3 Nc6 6. Be2 cxd4 7. cxd4 Nh6 8. Nc3 Nf5 9. Na4 Qa5+ 10. Bd2 Bb4
11. Bc3 b5 12. a3 Bxc3+ 13. Nxc3 b4 14. axb4 Qxb4 15. Bb5 Bd7 16. Bxc6 Bxc6 17. Qd2 a5 18. g4 Ne7 19. O-O O-O 20. Ng5 h6
21. Nh3 Rfb8 22. Rfb1 Ng6 23. Kg2 Nxe5 24. Kg3 Ng6 25. f4 Qd6 26. Kg2 Rb3 27. Na4 Bxa4 28. Rxa4 Nh4+
0-1

[Event "1800 - 2299 Rated Tournament 5"]
[Site "SchemingMind.com"]
[Date "2023.06.09"]
[Round "-"]
[White "Transcendent"]
[Black "Raymond de Kemp"]
[Result "1-0"]
[WhiteCountry "ENG"]
[BlackCountry "NED"]
[WhiteElo "1982"]
[WhiteRD "81"]
[BlackElo "1820"]
[BlackRD "72"]
[GameID "734519"]

1. d4 f5 2. Bg5 h6 3. Bh4 g5 4. e4 Nf6 5. e5 e6 6. Bg3 f4 7. Be2 d5 8. exf6 Qxf6 9. Bh5+ Kd8 10. Nf3 fxg3
11. hxg3 Nc6 12. c3 Bd6 13. Na3 e5 14. dxe5 Nxe5 15. Qxd5 c6 16. Qd4 Nxf3+ 17. Bxf3 Qxd4 18. cxd4 Bb4+ 19. Kf1 Be6 20. Nc2 Be7
21. Ne3 Bd7 22. Bg4 Be8 23. Rc1 Bf7 24. Nf5 Bxa2 25. Ke2 Bf6 26. Kd3 Kc7 27. Ra1 Bf7 28. Rxh6 Rxh6 29. Nxh6 Bg6+ 30. Bf5 Bxf5+
31. Nxf5 Rd8 32. Ke4 a6 33. f4 g4 34. b4 Rd5 35. Rh1 Rb5 36. Rh7+ Kb8 37. Rf7 Bd8 38. Rf8 Kc7 39. Rf7+ Kb6 40. Nd6 Rxb4
41. Rxb7+ Ka5 42. Rd7 Bb6 43. Nb7+ Kb5 44. f5 Rb1 45. f6
1-0

[Event "1800 - 2299 Rated Tournament 5"]
[Site "SchemingMind.com"]
[Date "2023.06.09"]
[Round "-"]
[White "Raymond de Kemp"]
[Black "Transcendent"]
[Result "1-0"]
[WhiteCountry "NED"]
[BlackCountry "ENG"]
[WhiteElo "1808"]
[WhiteRD "71"]
[BlackElo "1981"]
[BlackRD "79"]
[GameID "734520"]

1. c4 e5 2. g3 c6 3. Nf3 e4 4. Nd4 d5 5. cxd5 cxd5 6. d3 Nf6 7. Nc3 Bc5 8. dxe4 Nxe4 9. Be3 Nxc3 10. bxc3 O-O
11. Bg2 Qe7 12. Bxd5 Bh3 13. Rb1 Nc6 14. Nxc6 bxc6 15. Bxc6 Rac8 16. Bxc5 Qxc5 17. Be4 Qxc3+ 18. Qd2 Qe5 19. Qf4 Qa5+ 20. Qd2
1-0

[Event "1800 - 2299 Rated Tournament 5"]
[Site "SchemingMind.com"]
[Date "2023.06.11"]
[Round "-"]
[White "Michael Christensen"]
[Black "greghghs"]
[Result "0-1"]
[WhiteCountry "GER"]
[BlackCountry "ENG"]
[WhiteElo "1724"]
[WhiteRD "81"]
[BlackElo "2310"]
[BlackRD "99"]
[GameID "734771"]

1. g3 d5 2. Bg2 e5 3. d3 Nf6 4. a3 c5 5. b3 Nc6 6. Bb2 Be7 7. Nd2 O-O 8. e3 Bf5 9. Ne2 Qc7 10. f4 Ng4
11. Nf1 Bf6 12. h3 exf4 13. Bxf6 Nxf6 14. exf4 Rfe8 15. Qd2 Nd4 16. Ne3 Rxe3 17. Qxe3 Nxc2+
0-1

[Event "1800 - 2299 Rated Tournament 5"]
[Site "SchemingMind.com"]
[Date "2023.06.10"]
[Round "-"]
[White "greghghs"]
[Black "Michael Christensen"]
[Result "1-0"]
[WhiteCountry "ENG"]
[BlackCountry "GER"]
[WhiteElo "2310"]
[WhiteRD "99"]
[BlackElo "1724"]
[BlackRD "81"]
[GameID "734772"]

1. e4 g6 2. d4 Bg7 3. Nc3 d6 4. Be3 a6 5. h4 h6 6. h5 g5 7. Qd2 b5 8. Nge2 Bb7 9. Ng3 e6 10. O-O-O Nf6
11. f3 O-O 12. Bxg5 hxg5 13. h6 Bh8 14. Qxg5+ Kh7 15. e5 Nd5 16. Bd3+ f5 17. exf6#
1-0

[Event "1800 - 2299 Rated Tournament 5"]
[Site "SchemingMind.com"]
[Date "2023.06.11"]
[Round "-"]
[White "The Stonewall"]
[Black "greghghs"]
[Result "1/2-1/2"]
[WhiteCountry "ENG"]
[BlackCountry "ENG"]
[WhiteElo "2323"]
[WhiteRD "72"]
[BlackElo "2257"]
[BlackRD "166"]
[GameID "734773"]

1. Nf3 c6 2. c4 d5 3. e3 Nf6 4. Nc3 e6 5. b3 Nbd7 6. Qc2 a6 7. Bb2 e5 8. Be2 Bd6 9. O-O O-O 10. cxd5 cxd5
11. Rac1 Re8 12. Na4 Qe7 13. d4 e4 14. Ne5 b5 15. Nc6 Qe6 16. Nc3 Nf8=
1/2-1/2

[Event "1800 - 2299 Rated Tournament 5"]
[Site "SchemingMind.com"]
[Date "2023.06.10"]
[Round "-"]
[White "greghghs"]
[Black "The Stonewall"]
[Result "0-1"]
[WhiteCountry "ENG"]
[BlackCountry "ENG"]
[WhiteElo "2197"]
[WhiteRD "82"]
[BlackElo "2319"]
[BlackRD "75"]
[GameID "734774"]

1. d4 Nf6 2. c4 g6 3. Nc3 Bg7 4. e4 d6 5. f3 O-O 6. Bg5 c5 7. d5 e6 8. Qd2 h6 9. Be3 exd5 10. cxd5 a6
11. a4 Re8 12. Nge2 Nbd7 13. Nd1 Ne5 14. Nec3 Nh5 15. Be2 g5 16. O-O Qf6 17. a5 Nf4 18. Na4 Bd7 19. Ndc3 Nxe2+ 20. Qxe2 Bxa4
21. Nxa4 Qg6 22. Nb6 Rad8 23. Qc2 g4 24. f4 Nd7 25. f5 Qf6 26. Nxd7= Rxd7 27. Rf2 Qd8 28. Kh1 Qe7 29. Ra4 Bd4 30. Bxd4 Qxe4
31. h3 cxd4 32. Qd2 Qe1+ 33. Kh2 Qxd2 34. Rxd2 gxh3 35. Raxd4 Kg7 36. gxh3 Re5 37. Rf2 Rc7 38. Rg4+ Kf6 39. Rh4 Kg5 40. Rg4+ Kh5
41. Rd4 Rc5 42. Rb4 Rc7 43. Rd4 Re3 44. Kg2 Rce7 45. Rb4 R3e5 46. Rd4 Re4 47. Rxe4 Rxe4 48. Rc2 f6 49. Kf3 Re5 50. Rc7 Rxd5
51. Rxb7 Rxf5+
0-1

[Event "1800 - 2299 Rated Tournament 5"]
[Site "SchemingMind.com"]
[Date "2023.06.13"]
[Round "-"]
[White "Transcendent"]
[Black "greghghs"]
[Result "0-1"]
[WhiteCountry "ENG"]
[BlackCountry "ENG"]
[WhiteElo "1680"]
[WhiteRD "70"]
[BlackElo "2262"]
[BlackRD "95"]
[GameID "734775"]

1. d4 c6 2. e4 d5 3. Nc3 dxe4 4. Nxe4 Bf5 5. Ng3 Bg6 6. h4 h6 7. Nf3 Nd7 8. h5 Bh7 9. Bd3 Bxd3 10. Qxd3 e6
11. Bd2 Ngf6 12. O-O-O Be7 13. Ne4 Nxe4 14. Qxe4 Nf6 15. Qe2 Qd5 16. c4 Qe4 17. Qxe4 Nxe4 18. Be3 O-O 19. Ne5 Rfd8 20. g4 c5
21. f3 cxd4 22. Bxd4 Bc5 23. Bxc5 Nxc5 24. b4 f6 25. Kc2 fxe5 26. Rxd8+ Rxd8 27. bxc5 Rc8 28. Rb1 Rxc5
0-1

[Event "1800 - 2299 Rated Tournament 5"]
[Site "SchemingMind.com"]
[Date "2023.06.12"]
[Round "-"]
[White "greghghs"]
[Black "Transcendent"]
[Result "1-0"]
[WhiteCountry "ENG"]
[BlackCountry "ENG"]
[WhiteElo "2262"]
[WhiteRD "95"]
[BlackElo "1680"]
[BlackRD "70"]
[GameID "734776"]

1. e4 e6 2. d4 d5 3. Nc3 Bb4 4. e5 c5 5. a3 Bxc3+ 6. bxc3 Ne7 7. h4 Qa5 8. Bd2 Qc7 9. h5 Nbc6 10. Nf3 h6
11. Rh4 Bd7 12. Rb1 Nf5 13. Rg4 cxd4 14. cxd4 O-O-O 15. c3 Na5 16. Bd3 Rhg8 17. Rf4 Nc4 18. g4 Ne7 19. Rxf7 Be8 20. Rf4 g6
21. g5 gxh5 22. gxh6 Bg6 23. Bc1 Nf5 24. Ng5 Rde8 25. Bxf5 Bxf5 26. Rxf5 exf5 27. h7 Rxg5 28. Bxg5 Qxh7 29. Qa4
1-0

[Event "1800 - 2299 Rated Tournament 5"]
[Site "SchemingMind.com"]
[Date "2023.06.11"]
[Round "-"]
[White "lawyertheologian"]
[Black "greghghs"]
[Result "0-1"]
[WhiteCountry "USA"]
[BlackCountry "ENG"]
[WhiteElo "2010"]
[WhiteRD "88"]
[BlackElo "2303"]
[BlackRD "108"]
[GameID "734777"]

1. Nc3 c6 2. e4 d5 3. Qf3 d4 4. Bc4 e6 5. Nce2 c5 6. b4 Nc6 7. bxc5 Bxc5 8. Bb2 Nf6 9. Qd3 Qb6 10. O-O-O Ne5
11. Bb5+ Bd7 12. Bxd7+ Nfxd7 13. Qb3 d3 14. Nf4 dxc2 15. Qxc2 O-O 16. d4 Ba3 17. Qb3 Qc7+ 18. Qc2 Nc4 19. Nd3 Bxb2+ 20. Nxb2 Qf4+
21. Rd2 Nxd2 22. Qxd2 Rac8+
0-1

[Event "1800 - 2299 Rated Tournament 5"]
[Site "SchemingMind.com"]
[Date "2023.06.10"]
[Round "-"]
[White "greghghs"]
[Black "lawyertheologian"]
[Result "1-0"]
[WhiteCountry "ENG"]
[BlackCountry "USA"]
[WhiteElo "2303"]
[WhiteRD "108"]
[BlackElo "2010"]
[BlackRD "88"]
[GameID "734778"]

1. e4 Nf6 2. e5 Nd5 3. d4 d6 4. Nf3 Nb6 5. Be2 g6 6. O-O Bg7 7. a4 O-O 8. Nc3 Bg4 9. h3 Bxf3 10. Bxf3 Nc6
11. a5 Nd7 12. a6 Qc8 13. b4 dxe5 14. axb7 Qxb7 15. b5 Ndb8 16. bxc6 Nxc6 17. dxe5 Rad8 18. Qe2 Qb4 19. Nd5 Qh4 20. Nf6+ exf6
21. Bxc6 fxe5 22. Rxa7 Rd6 23. Bb5 c5 24. Ba3 Rc8 25. Bc4 Rf6 26. Qg4 Qxg4 27. hxg4 Rf4 28. Bd5 c4 29. g3 Rd4 30. Bxf7+ Kh8
31. Kg2 Rd2 32. Rh1 e4 33. Bxg6 Bd4 34. Raxh7+
1-0

[Event "1800 - 2299 Rated Tournament 5"]
[Site "SchemingMind.com"]
[Date "2023.06.10"]
[Round "-"]
[White "greghghs"]
[Black "Raymond de Kemp"]
[Result "1-0"]
[WhiteCountry "ENG"]
[BlackCountry "NED"]
[WhiteElo "2257"]
[WhiteRD "166"]
[BlackElo "1858"]
[BlackRD "75"]
[GameID "734779"]

1. e4 c5 2. Nf3 d6 3. d4 cxd4 4. Nxd4 Nf6 5. Nc3 a6 6. Bg5 e6 7. Qf3 Nbd7 8. O-O-O Be7 9. Be2 Qc7 10. Qg3 b5
11. a3 Rb8 12. Bd2 O-O 13. Nd5 Nxd5 14. exd5 exd5 15. Nf5 Bf6 16. Nxg7 Bxg7 17. Bh6
1-0

[Event "1800 - 2299 Rated Tournament 5"]
[Site "SchemingMind.com"]
[Date "2023.06.10"]
[Round "-"]
[White "Raymond de Kemp"]
[Black "greghghs"]
[Result "0-1"]
[WhiteCountry "NED"]
[BlackCountry "ENG"]
[WhiteElo "1848"]
[WhiteRD "72"]
[BlackElo "2303"]
[BlackRD "108"]
[GameID "734780"]

1. c4 e5 2. g3 Nf6 3. Bg2 c6 4. Nf3 e4 5. Nd4 d5 6. d3 Bc5 7. Nb3 Bb4+ 8. Bd2 Bxd2+ 9. Qxd2 dxc4 10. dxc4 Qe7
11. Nc3 O-O 12. O-O-O Nbd7 13. Qc2 Re8 14. e3 a5 15. Nd2 Nc5 16. h3 Nd3+ 17. Kb1 Nxf2 18. Ndxe4 N6xe4 19. Nxe4 Nxd1 20. Rxd1 Bf5
21. Nf6+ Qxf6
0-1

[Event "1800 - 2299 Rated Tournament 5"]
[Site "SchemingMind.com"]
[Date "2023.06.18"]
[Round "-"]
[White "pawngrabber"]
[Black "Michael Christensen"]
[Result "0-1"]
[WhiteCountry "ENG"]
[BlackCountry "GER"]
[WhiteElo "1805"]
[WhiteRD "71"]
[BlackElo "1728"]
[BlackRD "79"]
[GameID "734831"]

1. d4 g6 2. c4 Bg7 3. Nc3 d6 4. e4 a6 5. f4 b6 6. Nf3 Bb7 7. Bd3 Nd7 8. O-O e6 9. Be3 c5 10. d5 exd5
11. exd5 Ne7 12. Qe1 O-O 13. Qd2 Re8 14. a4 Bc8 15. f5 Ne5 16. Nxe5 Bxe5 17. fxg6 fxg6 18. Ne4 Bf5 19. Rae1 Rf8 20. Ng5 Qd7
21. Bxf5 Rxf5 22. Ne6 Rxf1+ 23. Rxf1 Nf5 24. Rxf5 gxf5 25. Bh6 Qf7 26. Bg5 Qg6 27. Bd8 Rb8 28. Bh4 Bd4+ 29. Nxd4 cxd4 30. Qxd4 Re8
31. b3 Re2 32. Bf2 f4 33. Qxb6 Qb1+
0-1